|
|
|
|
| LEADER |
00000nam a2200000 a 4500 |
| 001 |
vtls001485351 |
| 003 |
SK-MaSNL |
| 005 |
20260302062123.0 |
| 008 |
180810s1823 xo 0 lat |
| 035 |
|
|
|a SNK000440644
|
| 040 |
|
|
|a SNKHF
|b slo
|c SNK
|e AACR2
|
| 041 |
0 |
|
|a lat
|
| 044 |
|
|
|a xo
|c SK
|
| 072 |
|
7 |
|a 808
|x Literárny štýl. Literárna činnosť a technika. Efektívne využívanie jazyka. Spisovateľská činnosť
|2 konspekt
|
| 080 |
|
|
|a 808.5-051
|2 2011
|
| 130 |
0 |
|
|a Ode
|9 293673
|
| 245 |
1 |
|
|a Ode Honoribus Celsissimi, Ac Reverendissimi Domini Domini Principis Alexandri A Rudna Et Divék - Újfalu, Archi-Episcopi Strigoniensis, S. Sedis Apostolicae Legati Nati, I. Regni Hungariae Primatis, Summi Et Secretarii Cancellarii, Ins. Ordinis S. Stephani Regis Apost. Praelati, Et Magnae Crucis Equitis, S. C. Et R. A. M. Actualis Intimi Status, Et Ad Exc. Consilium R. L. H. Consiliarii, Ecclesiasticae Commissionis Praesidis, I. Comitatus Strigoniensis Perpetui Ac Supremi Comitis, Ac Ad Exc. Tabulam Septemviralem Co-Judicis
|b Oblata A Lycaeo Suae Celsitudinis, Et Utroque Seminario Tyrnaviae Existente, Dum Occasione Canonicae Visitationis Parochiae Tyrnaviensis Seminaria Quoque Visitare DignabaturDie 3. Junii 1823
|
| 260 |
|
|
|a Tyrnaviae
|b Typis Joannis Bapt. Jelinek
|c 1823
|
| 300 |
|
|
|a 4 s.
|c 24 cm
|
| 501 |
|
|
|a Príväzok 7. k: MÉSZÁROS, Imre. Fö Tisztelendö Kis-Apponyi Bartakovits Albert Urnak,... Nagy-Szombatban: Jelinek Ker. János betüivel, 1831.
|5 SNK SC 11654/1-41
|
| 600 |
1 |
4 |
|a Rudnay, Alexander,
|d 1760-1831
|9 61840
|
| 650 |
0 |
7 |
|a príležitostné tlače
|2 SNKPH
|9 88198
|
| 700 |
1 |
|
|a Jelínek, Ján Krstiteľ,
|d 1780-1841
|4 prt
|9 177739
|
| 752 |
|
|
|a Slovensko
|d Trnava
|
| 852 |
|
|
|a Slovenská národná knižnica
|b Historické fondy
|p SC 11654/1-41/prív.7
|
| 958 |
|
|
|a ONDV
|
| 958 |
|
|
|a DF
|
| 999 |
|
|
|c 1128024
|d 1129954
|
| 952 |
|
|
|a SNK
|b SNK
|y PREZ
|7 0
|p 17A1486476
|o snkSC 11654/1-41/prív.7
|i snkK 640/80
|8 3
|0 0
|1 0
|4 0
|d 2023-09-08
|l 0
|r 2025-07-11 00:00:00
|w 2026-02-24
|
| 952 |
|
|
|a SNK
|b SNK
|y PREZ
|7 0
|p 17A0448122
|o snkSC 11654/7 D1
|i snkK 640/80
|8 3
|0 0
|1 0
|4 0
|d 2004-11-11
|l 0
|r 2005-01-02 00:00:00
|w 2026-02-24
|